000 00840naa a22002657a 4500
001 BR6700209
003 BR-BrBNA
005 20250709164609.0
007 ta
008 250630b bl.|||m| |||| 00| 0 por d
040 _aBR-BrBNA
_bpor
_cBiblioteca Nacional de Agricultura
041 _a(Pt)
072 _aQ10
_b9910
090 _aQ10 BR6700209
100 1 _aTosello, A.
245 1 _aBeneficiamento e armazenamento [Cafe]
500 _aManual do cafeicultor Graner, E.A.Godoy Junior, C. (eds.) Sao Paulo, SP (Brasil): Melhoramentos, 1967. p. 247-257 (BR6700209-AMS)
650 _aTecnologia de alimento
650 _aCafe
650 _aIndustria alimenticia
650 _aArmazenamento de alimento
490 _aBiblioteca Agronomica Melhoramentos (Brazil)
942 _cAMS
_2AGRIS
909 _a202506
_bLúcia
_c55
_dLúcia Elande
999 _c332607
_d332607